000 00673nam a2200241Ia 4500
003 IN-BaIIA
008 211028s9999 xx 000 0 eng d
020 _a0-87590-080-1
040 _cIIA Library
080 _a523.942
_bMAG
100 _aTsurutani, Bruce T
245 0 _aMagnetic storms
_cBruce T Tsurutani….[et al.]
260 _aWashington, D. C.
_bAmerican Geophysical Union
_c1997
300 _ax, 266p.
490 _aGeophysics monograph; 98
650 _aGeomagnetism
650 _aMagnetic storms
650 _aSoalr system
_925835
700 _aArballo, J. K
_925836
700 _aGonzalez, W. D
_925837
700 _aKamide, Y
_915319
942 _cBK
999 _c14540
_d14540